Statistics for Guess the Taylor Swift Song (no hints) 116

Click here to take the quiz!

General Stats

  • This quiz has been taken 38 times
  • The average score is 149 of 229

Answer Stats

Answer% Correct
the
100%
I
97%
I,
97%
you
94%
a
91%
to
91%
and
88%
And
88%
me
88%
where
88%
your
88%
don't
85%
in
85%
my
82%
so
82%
That
82%
that
82%
But
79%
I'm
79%
too
79%
all
76%
go
76%
I'll
74%
what
74%
for
71%
Just
71%
wanna
71%
who
71%
can
68%
know
68%
there
68%
by
65%
have
65%
I've
65%
say
65%
with
65%
at
62%
night
62%
oh
62%
up
62%
why
62%
'Cause
59%
here
59%
could
56%
even
56%
got
56%
you'll
53%
every
50%
heart
50%
come
47%
right
47%
let
44%
back
41%
down,
41%
far
41%
rain
41%
these
41%
anymore
35%
leave
35%
man
35%
talk
35%
Talk
35%
wait
35%
call
32%
door
32%
put
32%
sing
32%
sky
32%
song
32%
tired
32%
else
29%
hoping
29%
name,
29%
name
29%
open
29%
reasons
29%
stand
29%
start
29%
wind,
29%
find
26%
laugh
26%
long,
26%
steps
26%
window
26%
games
24%
screamed
24%
tears
24%
yourself,
24%
clear
21%
watched
21%

Score Distribution

Percentile by Number Answered

Percent of People with Each Score

Your Score History

You have not taken this quiz